| 000 | 01236nam a2200337 a 4500 | ||
|---|---|---|---|
| 001 | BRCA_8562 | ||
| 003 | FranzMayer | ||
| 005 | 20231012111706.0 | ||
| 008 | 170816s1579----fr-a######---#000-0#lat-# | ||
| 040 | _cMFM | ||
| 041 | _alat | ||
| 044 | _afr | ||
| 050 | 4 |
_aPJ1091 _b.H54 |
|
| 245 | 1 | 0 | _aHieroghlyphica sive de sacris aegyptiorvm, aliarvm qve gentivm literis commentarii ioannis pierii valeriani bolzanii bellvnensis, a caelio avgsvtino curione doubus libris aucti & multis imaginibus illustrati. |
| 260 |
_aLvgdvni _bApud bartholomaeum honoraty _c1579 |
||
| 300 |
_aT.I y T. II, 441 p. _bil. _c37 cm |
||
| 500 | _aFondo antiguo | ||
| 500 | _aSe encuentra en Caja Fuerte | ||
| 500 | _aLM-51 | ||
| 500 | _aEn portada: cvm privilegio regis | ||
| 500 | _aContiene epistola | ||
| 500 | _aIncluye índice | ||
| 500 | _aEstado físico: daño por polilla en diversas páginas del documento | ||
| 500 | _aT.II y T.II encuadernados en un mismo libro | ||
| 500 | _aNota de encuadernación: en piel pergamino | ||
| 506 | 0 | _aFondo reservado: para su consulta es necesario credencial de usuario y carta de motivos | |
| 651 | 4 |
_alengua egipcia _921445 |
|
| 651 | 4 |
_ajeroglífico _921446 |
|
| 902 | _aLAR | ||
| 942 |
_2lcc _cB |
||
| 999 |
_c8225 _d8225 |
||